Как пасти котов: наставление для программистов, руководящих другими программистами: пер. с англ.
| מחבר ראשי: | |
|---|---|
| סיכום: | «Искусство пасти котов» — это книга о лидерстве и руководстве, о том, как первое совмещать со вторым. Это, если хотите, словарь трудных случаев управления IT-проектами. Программист подобен кошке, которая гуляет сама по себе. Так уж исторически сложилось. Именно поэтому так непросто быть руководителем команды программистов. Даже если вы еще месяц назад были блестящим и дисциплинированным программистом и вдруг оказались в роли менеджера, вряд ли вы знаете, с чего надо начать, какой выбрать стиль руководства, как нанимать и увольнять сотрудников, проводить совещания, добиваться своевременного выполнения задач. В таком случае без этой книги вам не обойтись. А может быть, вы — опытный менеджер, желающий пересмотреть свои принципы лидерства? Тогда, опять же, эта книга для вас. Вне зависимости от возраста, пола и социального статуса, она поможет вам укрепить свои позиции в роли лидера программистов. Материал изложен довольно компактно и легко укладывается в голове. Стоя в книжном магазине и раздумывая, что же купить, задайте себе один простой вопрос: «Нужно ли мне совершенствовать свои лидерские навыки?» Полагаю, вы ответите: «Да», — а значит, моя книга окажется для вас небесполезной. |
| שפה: | רוסית |
| יצא לאור: |
СПб., Питер, 2006
|
| סדרה: | Библиотека программиста |
| נושאים: | |
| פורמט: | ספר |
| KOHA link: | https://koha.lib.tpu.ru/cgi-bin/koha/opac-detail.pl?biblionumber=101429 |
MARC
| LEADER | 00000nam0a2200000 4500 | ||
|---|---|---|---|
| 001 | 101429 | ||
| 005 | 20231031112622.0 | ||
| 010 | |a 5469003337 | ||
| 035 | |a (RuTPU)RU\TPU\book\109315 | ||
| 090 | |a 101429 | ||
| 100 | |a 20060911d2006 km y0rusy50 ca | ||
| 101 | 1 | |a rus |c eng | |
| 102 | |a RU | ||
| 105 | |a a z 001zy | ||
| 200 | 1 | |a Как пасти котов: наставление для программистов, руководящих другими программистами |e пер. с англ. |f Дж. Х. Рейнвотер | |
| 210 | |a СПб. |c Питер |d 2006 | ||
| 215 | |a 256 с. |c ил. | ||
| 225 | 1 | |a Библиотека программиста | |
| 320 | |a Библиогр.: с. 243-249. | ||
| 320 | |a Алфавитный указатель: с. 250-255. | ||
| 330 | |a «Искусство пасти котов» — это книга о лидерстве и руководстве, о том, как первое совмещать со вторым. Это, если хотите, словарь трудных случаев управления IT-проектами. Программист подобен кошке, которая гуляет сама по себе. Так уж исторически сложилось. Именно поэтому так непросто быть руководителем команды программистов. Даже если вы еще месяц назад были блестящим и дисциплинированным программистом и вдруг оказались в роли менеджера, вряд ли вы знаете, с чего надо начать, какой выбрать стиль руководства, как нанимать и увольнять сотрудников, проводить совещания, добиваться своевременного выполнения задач. В таком случае без этой книги вам не обойтись. А может быть, вы — опытный менеджер, желающий пересмотреть свои принципы лидерства? Тогда, опять же, эта книга для вас. Вне зависимости от возраста, пола и социального статуса, она поможет вам укрепить свои позиции в роли лидера программистов. Материал изложен довольно компактно и легко укладывается в голове. Стоя в книжном магазине и раздумывая, что же купить, задайте себе один простой вопрос: «Нужно ли мне совершенствовать свои лидерские навыки?» Полагаю, вы ответите: «Да», — а значит, моя книга окажется для вас небесполезной. | ||
| 610 | 1 | |a программирование | |
| 610 | 1 | |a программы | |
| 610 | 1 | |a руководители | |
| 610 | 1 | |a лидерство | |
| 610 | 1 | |a проблемы | |
| 610 | 1 | |a трудности | |
| 610 | 1 | |a IT-проекты | |
| 675 | |a 681.3.06 |v 3 | ||
| 686 | |a У821 |2 rubbk | ||
| 700 | 1 | |a Рейнвотер |b Дж. Х. |g Дж. Ханк | |
| 801 | 1 | |a RU |b 63413507 |c 20060911 |g PSBO | |
| 801 | 2 | |a RU |b 63413507 |c 20061214 |g PSBO | |
| 942 | |c BK | ||
| 959 | |a 76/20060901 |d 1 |e 260,00 |f НФ:1 | ||